Greatest Alternative, Indie, and Punk Bands Ever. - Statistics

General Stats
  • This quiz has been taken 413 times
  • The average score is 18 of 69
Answer Stats
Song Band % Correct
London Calling The Clash
80%
Champagne Supernova Oasis
72%
Bigmouth Strikes Again The Smiths
64%
Is This It The Strokes
63%
Airbag Radiohead
60%
Debaser Pixies
58%
Common People Pulp
55%
Time To Pretend MGMT
50%
Neighborhood #1 (Tunnels) Arcade Fire
48%
On A Plain Nirvana
47%
Marquee Moon Television
46%
Skinny Love Bon Iver
43%
Transmission Joy Division
43%
Age Of Consent New Order
42%
Nightswimming R.E.M
40%
Fade Into You Mazzy Star
39%
New Slang The Shins
38%
White Winter Hymnal Fleet Foxes
37%
21st Century Schizoid Man King Crimson
37%
Devil's Haircut Beck
34%
Two Headed Boy Neutral Milk Hotel
33%
Pink Moon Nick Drake
32%
Schizophrenia Sonic Youth
32%
Jane Says Jane's Addiction
30%
Only Shallow My Bloody Valentine
30%
Just Like Honey The Jesus And Mary Chain
30%
Tired Of Sex Weezer
30%
Such Great Heights The Postal Service
29%
Gold Soundz Pavement
27%
Chamber Of Reflection Mac Demarco
26%
Heaven Or Las Vegas The Cocteau Twins
26%
The Glow Pt. 2 The Microphones
26%
Tighten Up The Black Keys
25%
Banned in DC Bad Brains
24%
Feel The Pain Dinosaur Jr.
24%
My Girls Animal Collective
22%
The Funeral Band of Horses
22%
Casimir Pulaski Day Sufjan Stevens
22%
Candy Says The Velvet Underground
22%
If You're Feeling Sinister Belle And Sebastian
20%
I Love You, Honeybear Father John Misty
20%
Damaged I Black Flag
19%
3rd Planet Modest Mouse
19%
Fight Test The Flaming Lips
19%
Vicious Lou Reed
17%
Breadcrumb Trail Slint
17%
Ana Ng They Might Be Giants
15%
Say Yes Elliot Smith
14%
New Day Rising Husker Du
14%
There's No Home For You Here The White Stripes
13%
Radio Cure Wilco
13%
The Big Country Talking Heads
11%
No Children The Mountain Goats
11%
The Underdog Spoon
10%
People li: The Reckoning AJJ
9%
Not In Love Crystal Castles
8%
Echos Myron Guided By Voices
8%
Colossal Youth Young Marble Giants
7%
Life Of Possibilities The Dismemberment Plan
6%
Blood Visions Jay Reatard
5%
Fa-Ce-La Feelies
4%
Opus 40 Mercury Rev
4%
Los Angeles, I'm Yours The Decemberists
4%
Life In Vain Daniel Johnston
3%
Border Line King Krule
3%
Kurt Vonnegut Born Ruffians
2%
Ominous Cloud Broadcast
2%
The Latest Toughs Okkervil River
2%
One Great City! The Weakerthans
2%
No matching quizzes found
Score Distribution
Percent of People with Each Score
Percentile by Number Answered
Your Score History
You have not taken this quiz